Statistics for Memphis Grizzlies Playoffs Starters

Click here to take the quiz!

General Stats

  • This quiz has been taken 183 times
    (130 since last reset)
  • The average score is 12 of 28

Answer Stats

Player% Correct
Ja Morant
100%
Jaren Jackson Jr
93%
Marc Gasol
93%
Pau Gasol
93%
Desmond Bane
88%
Mike Conley
88%
Dillon Brooks
79%
Zach Randolph
79%
Jonas Valančiūnas
65%
Tony Allen
58%
Xavier Tillman
48%
Jason Williams
43%
Rudy Gay
43%
Kyle Anderson
36%
Mike Miller
34%
Eddie Jones
30%
Shane Battier
30%
Vince Carter
29%
Tayshaun Prince
18%
Lorenzen Wright
14%
Courtney Lee
13%
Matt Barnes
11%
James Posey
7%
Chucky Atkins
4%
Sam Young
4%
Jake Tsakalidis
3%
Jordan Farmar
3%
James Ennis
2%

Score Distribution

Percentile by Number Answered

Percent of People with Each Score

Your Score History

You have not taken this quiz since the last reset